| 000 | 01112nam a2200265Ia 4500 | ||
|---|---|---|---|
| 003 | Ost | ||
| 005 | 20260507075357.0 | ||
| 008 | 260507s9999||||xx |||||||||||||| ||und|| | ||
| 020 | _a49741199579 | ||
| 040 | _cfsecg | ||
| 041 | _aara | ||
| 082 | _a330 | ||
| 100 |
_aالشبيري، فارس ناصيف _eمؤلف |
||
| 245 | 0 |
_aمبادئ المالية / _c فارس ناصيف الشبيري |
|
| 260 |
_aعمان: _bدار وائل للنشر والتوزيع, _c2012 |
||
| 300 |
_a287 صفحة؛ _bإيضاحات ؛ _c25 سم |
||
| 504 | _aالمراجع ص. 267؛ مصطلحات مالية ص. 271 ؛ ملاحق ص. 288 | ||
| 520 | _aمقدمة في مبادئ المالية- القوائم المالية- تحليل القوائم المالية- القيمة الزمنية للنقود- العائد والمخاطرة- تقييم السندات- تقييم الاسهم | ||
| 653 | _aالأسهم | ||
| 653 | _aالتحليل المالي | ||
| 653 | _aالمالية | ||
| 653 | _aالنقود | ||
| 700 |
_aالطالب، غسان سالم _eمؤلف ثانوي |
||
| 942 | _cكتاب | ||
| 999 |
_c44241 _d44241 |
||